000 00326 a2200133 4500
000 nam a22 7a 4500
100 _aLopez, P P
110 _aLopez, P P
245 _aEconomics of Development: Theory and Evidence
250 _alatest edition
260 _bBloomsbury
_c2022
264 _bBloomsbury
_c2022
942 _cBK
999 _c309864
_d309864